[Event "Katowice POL-HUN 10th"]
[Site "Katowice"]
[Date "2023.09.09"]
[Round "5"]
[White "Bartel, Mateusz"]
[Black "Kukula, Pawel"]
[Result "1-0"]
[WhiteElo "2621"]
[BlackElo "2135"]
[PlyCount "141"]
[EventDate "2023.09.09"]
[EventType "swiss (rapid)"]
[EventRounds "9"]
[EventCountry "POL"]
[SourceTitle "CBM 216 Extra"]
[Source "ChessBase"]
[SourceDate "2023.11.30"]
[SourceVersion "1"]
[SourceVersionDate "2023.11.30"]
[SourceQuality "1"]

1. d4 Nf6 2. Nf3 g6 3. g3 Bg7 4. Bg2 0-0 5. 0-0 d6 6. a4 Nc6 7. a5 a6 8. d5 Nb8 9. c4 c5 10. Nc3 Bf5 11. Nh4 Bd7 12. e4 b5 13. axb6 Qxb6 14. f4 Ng4 15. Nf3 f5 16. h4 fxe4 17. Nxe4 Nf6 18. Neg5 h6 19. Ne6 Bxe6 20. dxe6 Nc6 21. Qd3 d5 22. Qxg6 Nd4 23. Nxd4 cxd4 24. cxd5 Rac8 25. Qd3 a5 26. Ra4 Rc5 27. Rc4 Nxd5 28. Rxc5 Qxc5 29. Bd2 Ne3 30. Rc1 Qb6 31. Be4 Qxb2 32. Rb1 Qa2 33. Rb7 Qa1+ 34. Kf2 Nd1+ 35. Kg2 Ne3+ 36. Bxe3 dxe3 37. Qxe3 Rd8 38. Qe2 Qc3 39. Rd7 Rb8 40. Bc2 Qc6+ 41. Qe4 Qxe4+ 42. Bxe4 Bf6 43. Ra7 Rb4 44. Bg6 Rb5 45. h5 Kf8 46. Kh3 Kg7 47. Bf7 Rc5 48. Ra8 Rd5 49. Kg4 Rc5 50. Kf3 Rb5 51. Ke4 Rb4+ 52. Kd5 Rd4+ 53. Kc5 a4 54. Kb5 Kh7 55. Kc6 Kg7 56. Kc5 Kh7 57. Bg6+ Kg7 58. Bf5 Rd2 59. Rxa4 Rg2 60. Ra3 Bb2 61. Rb3 Kf6 62. Be4 Rh2 63. Bf3 Rf2 64. Bg4 Rg2 65. Kd5 Bc1 66. Ke4 Ra2 67. Rb8 Ra4+ 68. Kf3 Ra3+ 69. Kg2 Ra2+ 70. Kh3 Ba3 71. Rg8 1-0

[Event "Titled Tuesday intern op 02nd May Early"]
[Site "Chess.com INT"]
[Date "2023.05.02"]
[Round "10"]
[White "Allahverdiyeva, Ayan"]
[Black "Kukula, Pawel"]
[Result "0-1"]
[WhiteElo "2055"]
[BlackElo "2135"]
[PlyCount "100"]
[EventDate "2023.05.02"]
[EventType "swiss (blitz)"]
[EventRounds "11"]
[EventCountry "USA"]
[SourceTitle "EXT 2024"]
[Source "ChessBase"]
[SourceDate "2023.10.10"]
[SourceVersion "1"]
[SourceVersionDate "2023.10.10"]
[SourceQuality "1"]

1. e4 c5 2. Nf3 Nc6 3. Bb5 e6 4. 0-0 Nge7 5. d4 cxd4 6. Nxd4 Qb6 7. Nxc6 bxc6 8. Bd3 Ng6 9. Kh1 e5 10. Qh5 d6 11. Na3 Be6 12. Nc4 Qc7 13. f4 exf4 14. Bxf4 Nxf4 15. Rxf4 g6 16. Qg5 Bg7 17. Raf1 0-0 18. Rh4 d5 19. exd5 Bxd5 20. Ne3 Be6 21. Ng4 Bxg4 22. Rxg4 Bxb2 23. Bc4 Bg7 24. Rgf4 Kh8 25. Bxf7 Qd8 26. Qg4 Rb8 27. Qh3 Qg5 28. R4f3 Rbd8 29. Bb3 Rxf3 30. Qxf3 Rf8 31. Qe2 Qd8 32. Bf7 c5 33. Qc4 Qg5 34. g3 Qe7 35. Qd5 Bd4 36. Kg2 Kg7 37. c4 Rxf7 38. Rxf7+ Qxf7 39. Qxf7+ Kxf7 40. Kf3 Kf6 41. Ke4 Ke6 42. h3 a5 43. a4 h6 44. g4 g5 45. Kf3 Ke5 46. Ke2 Bc3 47. Kd3 Bb4 48. Ke3 Bc3 49. Kd3 Be1 50. Ke2 Bh4 0-1

[Event "Titled Tuesday intern op 02nd May Early"]
[Site "Chess.com INT"]
[Date "2023.05.02"]
[Round "7"]
[White "Tasev, Dejan"]
[Black "Kukula, Pawel"]
[Result "1-0"]
[WhiteElo "2205"]
[BlackElo "2135"]
[PlyCount "65"]
[EventDate "2023.05.02"]
[EventType "swiss (blitz)"]
[EventRounds "11"]
[EventCountry "USA"]
[SourceTitle "EXT 2024"]
[Source "ChessBase"]
[SourceDate "2023.10.10"]
[SourceVersion "1"]
[SourceVersionDate "2023.10.10"]
[SourceQuality "1"]

1. e4 Nc6 2. Nf3 d6 3. d4 Nf6 4. Nc3 Bg4 5. Be2 e6 6. Be3 Be7 7. Qd2 0-0 8. h3 Bh5 9. a3 d5 10. e5 Ne4 11. Nxe4 dxe4 12. Ng1 Bg6 13. 0-0-0 a5 14. h4 f5 15. g3 Bf7 16. Nh3 Qd7 17. Nf4 Rfd8 18. Bb5 a4 19. Qc3 Bf8 20. h5 Be8 21. g4 fxg4 22. Rhg1 Qf7 23. Be2 Ne7 24. Bxg4 Nf5 25. d5 exd5 26. e6 Qe7 27. Bxf5 c6 28. Rg4 h6 29. Rdg1 Kh8 30. Bd4 c5 31. Bxg7+ Bxg7 32. Rxg7 d4 33. Rg8# 1-0

[Event "Titled Tuesday intern op 04th Apr Late"]
[Site "Chess.com INT"]
[Date "2023.04.04"]
[Round "11"]
[White "Ai, Evan Zihao"]
[Black "Kukula, Pawel"]
[Result "0-1"]
[WhiteElo "2055"]
[BlackElo "2135"]
[PlyCount "96"]
[EventDate "2023.04.04"]
[EventType "swiss (blitz)"]
[EventRounds "11"]
[EventCountry "USA"]
[SourceTitle "EXT 2024"]
[Source "ChessBase"]
[SourceDate "2023.10.10"]
[SourceVersion "1"]
[SourceVersionDate "2023.10.10"]
[SourceQuality "1"]

1. e4 c5 2. Nf3 Nc6 3. d4 cxd4 4. Nxd4 Nf6 5. Nc3 e5 6. Ndb5 d6 7. Bg5 a6 8. Na3 b5 9. Nd5 Be7 10. Bxf6 Bxf6 11. c4 b4 12. Nc2 a5 13. g3 0-0 14. Bg2 Bg5 15. h4 Bh6 16. 0-0 Be6 17. Qe2 Rb8 18. b3 Kh8 19. Rad1 Ne7 20. f4 Nxd5 21. exd5 Bd7 22. fxe5 Re8 23. Rxf7 Rxe5 24. Qf3 g6 25. Kh2 Qe8 26. Rf1 Bg7 27. Nd4 Bf5 28. Nxf5 Qxf7 29. Nxd6 Qxf3 30. Rxf3 Kg8 31. Nf7 Re2 32. Ng5 h6 33. Ne6 Re8 34. Nf4 Rxa2 35. Rd3 g5 36. hxg5 hxg5 37. Ne6 Be5 38. Nxg5 Kg7 39. Ne6+ Kf6 40. Rf3+ Ke7 41. c5 Rh8+ 42. Kg1 Rd2 43. Re3 Kf6 44. Kf1 Rh2 45. Bf3 Bxg3 46. Be2 Rf2+ 47. Kg1 Rfxe2 48. Rxg3 Rd1# 0-1

[Event "Titled Tuesday intern op 04th Apr Late"]
[Site "Chess.com INT"]
[Date "2023.04.04"]
[Round "8"]
[White "Kukula, Pawel"]
[Black "Wang, Alexander J"]
[Result "1-0"]
[WhiteElo "2135"]
[BlackElo "1815"]
[PlyCount "73"]
[EventDate "2023.04.04"]
[EventType "swiss (blitz)"]
[EventRounds "11"]
[EventCountry "USA"]
[SourceTitle "EXT 2024"]
[Source "ChessBase"]
[SourceDate "2023.10.10"]
[SourceVersion "1"]
[SourceVersionDate "2023.10.10"]
[SourceQuality "1"]

1. Nc3 d5 2. e4 d4 3. Nce2 c5 4. Nf3 Nc6 5. Ng3 e6 6. Bb5 Bd7 7. 0-0 a6 8. Bxc6 Bxc6 9. d3 Bd6 10. Ne1 Ne7 11. f4 Qd7 12. Nf3 0-0-0 13. e5 Bc7 14. Bd2 Kb8 15. b4 cxb4 16. Bxb4 Nd5 17. Bd2 h5 18. Ne4 f5 19. Nc5 Qe7 20. Nb3 Ne3 21. Bxe3 dxe3 22. Qe2 Bb6 23. c3 Qd7 24. d4 Qd5 25. Qxe3 Bb5 26. Rfc1 Rc8 27. Nbd2 Bc4 28. Nxc4 Rxc4 29. Kh1 h4 30. h3 Ka7 31. Nd2 Rc7 32. a4 a5 33. Rab1 Rhc8 34. Rb5 Bxd4 35. cxd4 Rxc1+ 36. Kh2 Qc6 37. d5+ 1-0

[Event "Titled Tuesday intern op 28th Mar Early"]
[Site "Chess.com INT"]
[Date "2023.03.28"]
[Round "8"]
[White "Kukula, Pawel"]
[Black "Shkuran, Danylo"]
[Result "1-0"]
[WhiteElo "2135"]
[BlackElo "2329"]
[PlyCount "61"]
[EventDate "2023.03.28"]
[EventType "swiss (blitz)"]
[EventRounds "11"]
[EventCountry "USA"]
[SourceTitle "EXT 2024"]
[Source "ChessBase"]
[SourceDate "2023.10.10"]
[SourceVersion "1"]
[SourceVersionDate "2023.10.10"]
[SourceQuality "1"]

1. c4 e6 2. Nc3 d5 3. cxd5 exd5 4. d4 Nf6 5. Bg5 c6 6. e3 Be7 7. Bd3 0-0 8. Nge2 h6 9. Bh4 Nh5 10. Bxe7 Qxe7 11. Ng3 Nxg3 12. hxg3 Nd7 13. g4 Re8 14. Qf3 Qf6 15. 0-0-0 Qxf3 16. gxf3 Nf8 17. b4 Be6 18. a4 Rac8 19. Kd2 Re7 20. Rb1 a6 21. b5 axb5 22. axb5 Rec7 23. bxc6 bxc6 24. Rhc1 c5 25. Nb5 Rb7 26. Rxc5 Rcb8 27. Nc3 Nd7 28. Rxb7 Rxb7 29. Rb5 Ra7 30. Bc2 Ra8 31. Bb3 1-0

[Event "Titled Tuesday intern op 28th Mar Early"]
[Site "Chess.com INT"]
[Date "2023.03.28"]
[Round "1"]
[White "Vastrukhin, Oleg"]
[Black "Kukula, Pawel"]
[Result "1-0"]
[WhiteElo "2343"]
[BlackElo "2135"]
[PlyCount "73"]
[EventDate "2023.03.28"]
[EventType "swiss (blitz)"]
[EventRounds "11"]
[EventCountry "USA"]
[SourceTitle "EXT 2024"]
[Source "ChessBase"]
[SourceDate "2023.10.10"]
[SourceVersion "1"]
[SourceVersionDate "2023.10.10"]
[SourceQuality "1"]

1. Nf3 d5 2. g3 c6 3. Bg2 Nf6 4. 0-0 g6 5. d4 Bg7 6. Nbd2 0-0 7. c3 a5 8. Re1 Bf5 9. Nh4 Bg4 10. h3 Bc8 11. Nhf3 Ne4 12. Nxe4 dxe4 13. Ng5 f5 14. Qb3+ Qd5 15. h4 a4 16. Qc2 h6 17. Nh3 e5 18. dxe5 Qxe5 19. Be3 Qe8 20. Rad1 Be6 21. Qc1 Kh7 22. a3 Nd7 23. f3 exf3 24. exf3 Qf7 25. Nf4 Bb3 26. Rd6 Nf6 27. h5 g5 28. Ng6 Rfe8 29. Bd4 Rxe1+ 30. Qxe1 Re8 31. Qb1 Nxh5 32. g4 Ng3 33. Kh2 Bxd4 34. cxd4 Ne2 35. Ne5 Qg7 36. Qxf5+ Kg8 37. Rg6 1-0

[Event "Titled Tuesday intern op 28th Mar Early"]
[Site "Chess.com INT"]
[Date "2023.03.28"]
[Round "10"]
[White "Wilson, Elvin"]
[Black "Kukula, Pawel"]
[Result "0-1"]
[WhiteElo "2183"]
[BlackElo "2135"]
[PlyCount "102"]
[EventDate "2023.03.28"]
[EventType "swiss (blitz)"]
[EventRounds "11"]
[EventCountry "USA"]
[SourceTitle "EXT 2024"]
[Source "ChessBase"]
[SourceDate "2023.10.10"]
[SourceVersion "1"]
[SourceVersionDate "2023.10.10"]
[SourceQuality "1"]

1. c4 Nf6 2. g3 g6 3. Bg2 Bg7 4. Nc3 0-0 5. e4 d6 6. Nge2 c5 7. 0-0 Nc6 8. d3 Bd7 9. h3 Qc8 10. Kh2 a6 11. Be3 e5 12. Qd2 Nd4 13. f4 Ne8 14. f5 gxf5 15. Bh6 f4 16. Bxg7 Nxg7 17. gxf4 f6 18. Nxd4 cxd4 19. Nd5 Qd8 20. f5 Bc6 21. Rf3 Bxd5 22. exd5 Nh5 23. Qh6 Qe8 24. Rg1 Kh8 25. Rf2 Qf7 26. Be4 Rg8 27. Rfg2 Nf4 28. Rg4 Rxg4 29. hxg4 Rg8 30. g5 Qh5+ 31. Qxh5 Nxh5 32. g6 hxg6 33. fxg6 Kg7 34. b4 Rh8 35. Rb1 Nf4+ 36. Kg1 Rh5 37. c5 f5 38. Bf3 Rh8 39. c6 Rb8 40. b5 axb5 41. Rxb5 b6 42. a4 Nxd3 43. a5 e4 44. axb6 exf3 45. c7 f2+ 46. Kf1 Re8 47. Rb1 Re1+ 48. Kg2 f1Q+ 49. Kg3 Re3+ 50. Kh4 Qf4+ 51. Kh5 Rh3# 0-1

[Event "Titled Tuesday intern op 7th Mar Early"]
[Site "Chess.com INT"]
[Date "2023.03.07"]
[Round "9"]
[White "Kukula, Pawel"]
[Black "Sabar, Ethmane Daouda"]
[Result "1-0"]
[WhiteElo "2135"]
[BlackElo "2040"]
[PlyCount "133"]
[EventDate "2023.03.07"]
[EventType "swiss (blitz)"]
[EventRounds "11"]
[EventCountry "USA"]
[SourceTitle "EXT 2024"]
[Source "ChessBase"]
[SourceDate "2023.10.10"]
[SourceVersion "1"]
[SourceVersionDate "2023.10.10"]
[SourceQuality "1"]

1. e4 c5 2. Nf3 Nc6 3. Bc4 e6 4. d3 Nf6 5. 0-0 d6 6. a3 Be7 7. Ba2 0-0 8. h3 h6 9. Be3 Nh7 10. c3 Kh8 11. d4 cxd4 12. cxd4 d5 13. e5 Ng5 14. Nxg5 Bxg5 15. f4 Be7 16. Nc3 f5 17. exf6 Bxf6 18. Rc1 Bd7 19. Bb1 Be8 20. Qd3 g6 21. f5 exf5 22. Bxh6 Bg7 23. Bxg7+ Kxg7 24. Rce1 Qf6 25. Ne2 Bf7 26. Rd1 Rfe8 27. Nf4 Re4 28. Qg3 Kh7 29. Bxe4 dxe4 30. d5 Ne5 31. d6 Nc4 32. d7 Qb6+ 33. Kh2 Ne3 34. Qh4+ Kg7 35. d8Q Rxd8 36. Rxd8 Nxf1+ 37. Kh1 Ng3+ 38. Qxg3 Qxd8 39. Nh5+ Kh6 40. Nf4 Qd1+ 41. Kh2 g5 42. h4 gxf4 43. Qg5+ Kh7 44. Qxf5+ Bg6 45. Qxf4 Qd3 46. Qc7+ Kh6 47. Qf4+ Kh7 48. Qc7+ Kg8 49. Qb8+ Kg7 50. Qxb7+ Bf7 51. Qc7 e3 52. Qe5+ Kg8 53. h5 e2 54. h6 Qg6 55. Qxe2 Qxh6+ 56. Kg1 Qf6 57. Qf2 Qxf2+ 58. Kxf2 Kf8 59. Ke3 Ke7 60. Kd4 Kd6 61. g4 Bg6 62. b4 Kc6 63. a4 a6 64. Ke5 Bc2 65. a5 Kb5 66. Kd4 Kxb4 67. g5 1-0

[Event "Titled Tuesday intern op 17th Jan Early"]
[Site "Chess.com INT"]
[Date "2023.01.17"]
[Round "5"]
[White "Atakhan, Abtin"]
[Black "Kukula, Pawel"]
[Result "1/2-1/2"]
[WhiteElo "2370"]
[BlackElo "2135"]
[PlyCount "158"]
[EventDate "2023.01.17"]
[EventType "swiss (blitz)"]
[EventRounds "11"]
[EventCountry "USA"]
[SourceTitle "CBM 212 Extra"]
[Source "ChessBase"]
[SourceDate "2023.03.31"]
[SourceVersion "1"]
[SourceVersionDate "2023.03.31"]
[SourceQuality "1"]

1. c4 Nf6 2. Nf3 g6 3. g3 Bg7 4. Bg2 0-0 5. 0-0 d6 6. Nc3 Nc6 7. d4 Bg4 8. h3 Bxf3 9. Bxf3 Nd7 10. e3 e5 11. d5 Ne7 12. Bg2 f5 13. Qc2 e4 14. Ne2 Nc5 15. Nd4 a5 16. Bd2 c6 17. dxc6 Nxc6 18. Bc3 Nxd4 19. exd4 Ne6 20. Rad1 Qb6 21. Qd2 Rfc8 22. b3 a4 23. Qb2 axb3 24. axb3 Qc7 25. Rfe1 b5 26. Bf1 Rab8 27. Qd2 b4 28. Bb2 Qb6 29. f3 Rf8 30. fxe4 f4 31. g4 Ra8 32. Qf2 Ra2 33. Re2 f3 34. Rc2 Rxb2 35. Rxb2 Bxd4 36. Rxd4 Qxd4 37. Rd2 Qxf2+ 38. Kxf2 Rd8 39. Kxf3 Nc5 40. Rb2 Rf8+ 41. Kg2 Nxe4 42. Bd3 Nc5 43. Be2 Ra8 44. Bf3 Ra3 45. Bd5+ Kg7 46. Rf2 Ra7 47. Rf3 Re7 48. g5 h6 49. h4 hxg5 50. hxg5 Re5 51. Rf7+ Kh8 52. Rf8+ Kg7 53. Rf7+ Kg8 54. Rd7+ Kf8 55. Rxd6 Rxg5+ 56. Kf3 Nxb3 57. Rb6 Rf5+ 58. Kg4 Nd4 59. Rxb4 Ke7 60. Rb7+ Kd6 61. Rb6+ Kc5 62. Rxg6 Rf1 63. Ra6 Rg1+ 64. Kf4 Rf1+ 65. Ke3 Re1+ 66. Kd3 Rd1+ 67. Kc3 Ne2+ 68. Kc2 Rg1 69. Rc6+ Kb4 70. Rb6+ Kc5 71. Rb5+ Kd4 72. Rb8 Nc3 73. Re8 Nxd5 74. cxd5 Kxd5 75. Rd8+ Kc6 76. Rd2 Rg5 77. Rd3 Rc5+ 78. Rc3 Kb5 79. Rxc5+ Kxc5 1/2-1/2

[Event "Titled Tuesday intern op 17th Jan Early"]
[Site "Chess.com INT"]
[Date "2023.01.17"]
[Round "11"]
[White "Carrasco Miranda, Andres"]
[Black "Kukula, Pawel"]
[Result "1-0"]
[WhiteElo "2285"]
[BlackElo "2135"]
[PlyCount "139"]
[EventDate "2023.01.17"]
[EventType "swiss (blitz)"]
[EventRounds "11"]
[EventCountry "USA"]
[SourceTitle "CBM 212 Extra"]
[Source "ChessBase"]
[SourceDate "2023.03.31"]
[SourceVersion "1"]
[SourceVersionDate "2023.03.31"]
[SourceQuality "1"]

1. d4 Nf6 2. c4 g6 3. g3 Bg7 4. Bg2 0-0 5. Nc3 d6 6. Nf3 Nc6 7. 0-0 Bg4 8. h3 Bxf3 9. exf3 Nd7 10. Be3 Na5 11. b3 c5 12. Rc1 Nc6 13. dxc5 dxc5 14. f4 Rc8 15. Qd2 e6 16. Rfd1 Nd4 17. Nb5 Qb6 18. Nxd4 cxd4 19. Bxd4 Bxd4 20. Qxd4 Nc5 21. Qf6 a5 22. h4 Rfd8 23. h5 gxh5 24. Qg5+ Kh8 25. Qxh5 Nd3 26. Rxd3 Rxd3 27. Be4 Rxg3+ 28. Kf1 Rg7 29. Rd1 Rcg8 30. Rd3 f5 31. Bf3 a4 32. Qh4 axb3 33. axb3 Qb4 34. Qf6 Qe7 35. Qe5 Rf8 36. Rd6 Qf6 37. Rxe6 Qxe5 38. fxe5 Rd7 39. Rd6 Rxd6 40. exd6 b6 41. b4 Kg7 42. c5 bxc5 43. bxc5 Kf6 44. Bd5 Ke5 45. Bb7 Rd8 46. f4+ Ke6 47. Kf2 Rg8 48. Ba6 Rg7 49. Bc4+ Kd7 50. Bb5+ Ke6 51. d7 Rxd7 52. Bxd7+ Kxd7 53. Kg3 Kc6 54. Kh4 h6 55. Kh5 Kxc5 56. Kxh6 Kd5 57. Kg6 Ke4 58. Kg5 Kd5 59. Kxf5 Kd6 60. Kg6 Ke7 61. f5 Kf8 62. Kf6 Kg8 63. Ke7 Kg7 64. f6+ Kh7 65. f7 Kg6 66. f8Q Kh7 67. Qf4 Kg6 68. Qg4+ Kh6 69. Kf7 Kh7 70. Qh5# 1-0

[Event "Titled Tuesday intern op 03rd Jan Early"]
[Site "Chess.com INT"]
[Date "2023.01.03"]
[Round "7"]
[White "Hartikainen, Jarmo"]
[Black "Kukula, Pawel"]
[Result "0-1"]
[WhiteElo "2118"]
[BlackElo "2135"]
[PlyCount "102"]
[EventDate "2023.01.03"]
[EventType "swiss (blitz)"]
[EventRounds "11"]
[EventCountry "USA"]
[SourceTitle "EXT 2024"]
[Source "ChessBase"]
[SourceDate "2023.10.10"]
[SourceVersion "1"]
[SourceVersionDate "2023.10.10"]
[SourceQuality "1"]

1. e4 Nc6 2. Nf3 d6 3. b3 Nf6 4. d3 g6 5. Bb2 Bg7 6. Nbd2 0-0 7. h3 a5 8. a4 e5 9. Be2 h6 10. g3 Be6 11. Kf1 d5 12. Kg2 Nh5 13. c4 d4 14. Bc1 f5 15. Nf1 fxe4 16. dxe4 Qd7 17. Ra2 Nf6 18. Bd3 Nh7 19. Nh4 Qf7 20. f4 exf4 21. gxf4 g5 22. Nf5 Bxf5 23. exf5 Nb4 24. Rf2 Nxd3 25. Qxd3 Qxf5 26. Qxf5 Rxf5 27. fxg5 Rxf2+ 28. Kxf2 Rf8+ 29. Ke2 hxg5 30. Rg1 Re8+ 31. Kd3 Bf6 32. Ng3 Kf7 33. Ne4 Re5 34. h4 gxh4 35. Nxf6 Nxf6 36. Kxd4 Re4+ 37. Kd3 h3 38. Rh1 Rh4 39. Bg5 Rh5 40. Bf4 Ke6 41. Bxc7 Kf5 42. Bxa5 Ng4 43. Bc7 Nf2+ 44. Kd4 Nxh1 45. b4 Kg4 46. a5 Ng3 47. a6 bxa6 48. b5 axb5 49. cxb5 Rxb5 50. Kc4 Rb1 51. Bxg3 Kxg3 0-1

[Event "Titled Tuesday intern op 03rd Jan Early"]
[Site "Chess.com INT"]
[Date "2023.01.03"]
[Round "10"]
[White "Koridze, Lile"]
[Black "Kukula, Pawel"]
[Result "0-1"]
[WhiteElo "2139"]
[BlackElo "2135"]
[PlyCount "80"]
[EventDate "2023.01.03"]
[EventType "swiss (blitz)"]
[EventRounds "11"]
[EventCountry "USA"]
[SourceTitle "EXT 2024"]
[Source "ChessBase"]
[SourceDate "2023.10.10"]
[SourceVersion "1"]
[SourceVersionDate "2023.10.10"]
[SourceQuality "1"]

1. d4 Nf6 2. c4 Nc6 3. Nf3 e6 4. a3 g6 5. Nc3 d6 6. e4 Bg7 7. Bd3 0-0 8. 0-0 e5 9. d5 Nb8 10. h3 Nbd7 11. Be3 b6 12. b4 a5 13. Rc1 axb4 14. axb4 Nh5 15. Qb3 h6 16. Ne2 f5 17. Bd2 Ndf6 18. Nc3 f4 19. c5 bxc5 20. bxc5 g5 21. cxd6 cxd6 22. Nb5 Rf7 23. Rc6 Bf8 24. Rfc1 Bd7 25. Nxd6 Rg7 26. Nb7 Qe8 27. Rb6 g4 28. hxg4 Bxg4 29. Nh4 Kh8 30. Qb5 Bd7 31. Qc4 Rc8 32. Qa2 Rxc1+ 33. Bxc1 Ng4 34. Nd6 Bxd6 35. Rxd6 Qe7 36. Ng6+ Rxg6 37. Rxg6 Kh7 38. Qa6 Qh4 39. g3 Qh2+ 40. Kf1 Qxf2# 0-1

[Event "Titled Tuesday intern op 03rd Jan Early"]
[Site "Chess.com INT"]
[Date "2023.01.03"]
[Round "9"]
[White "Kukula, Pawel"]
[Black "Matveeva, Olga"]
[Result "1/2-1/2"]
[WhiteElo "2135"]
[BlackElo "2111"]
[PlyCount "155"]
[EventDate "2023.01.03"]
[EventType "swiss (blitz)"]
[EventRounds "11"]
[EventCountry "USA"]
[SourceTitle "EXT 2024"]
[Source "ChessBase"]
[SourceDate "2023.10.10"]
[SourceVersion "1"]
[SourceVersionDate "2023.10.10"]
[SourceQuality "1"]

1. d4 d5 2. Nf3 Nf6 3. e3 e6 4. Bd3 c5 5. c3 Nc6 6. Nbd2 Be7 7. 0-0 0-0 8. Qe2 b6 9. dxc5 Bxc5 10. e4 Bb7 11. e5 Nd7 12. b4 Be7 13. b5 Na5 14. Re1 Rc8 15. Bb2 Qc7 16. Rac1 Nc4 17. Nxc4 dxc4 18. Bb1 Rfd8 19. h4 g6 20. h5 Bf8 21. hxg6 hxg6 22. Be4 Bg7 23. Bxb7 Qxb7 24. Ba3 Nc5 25. Bxc5 Rxc5 26. a4 Qc7 27. Rcd1 Rcd5 28. Rxd5 Rxd5 29. Rd1 Rxd1+ 30. Qxd1 Bxe5 31. Qe1 Bf6 32. g3 Kg7 33. Qe3 Qd6 34. Nd2 Qd3 35. Qxd3 cxd3 36. Ne4 d2 37. Nxd2 Bxc3 38. Ne4 Be5 39. Kf1 f5 40. Nd2 Kf6 41. Nc4 Bc7 42. Ke2 e5 43. Kd3 Ke6 44. Ne3 g5 45. f3 f4 46. gxf4 exf4 47. Ng4 Kd5 48. Nf6+ Kc5 49. Ne4+ Kb4 50. Nxg5 Kxa4 51. Kc4 Ka5 52. Ne6 Bb8 53. Nd4 Ka4 54. Nc6 Bd6 55. Nxa7 Ka3 56. Nc8 Bc5 57. Kd5 Kb2 58. Kc6 Kc3 59. Nxb6 Bxb6 60. Kxb6 Kd3 61. Kc5 Ke3 62. b6 Kxf3 63. b7 Kg2 64. b8Q f3 65. Kd4 f2 66. Qg8+ Kh1 67. Qh7+ Kg1 68. Qg6+ Kh1 69. Qh5+ Kg1 70. Qg4+ Kh1 71. Qe2 Kg1 72. Qg4+ Kh1 73. Qh3+ Kg1 74. Qg3+ Kh1 75. Qf3+ Kg1 76. Qe3 Kg2 77. Qe2 Kg1 78. Qg4+ 1/2-1/2

[Event "Titled Tuesday intern op 03rd Jan Early"]
[Site "Chess.com INT"]
[Date "2023.01.03"]
[Round "5"]
[White "Kukula, Pawel"]
[Black "Viskelis, Darius"]
[Result "0-1"]
[WhiteElo "2135"]
[BlackElo "2144"]
[PlyCount "114"]
[EventDate "2023.01.03"]
[EventType "swiss (blitz)"]
[EventRounds "11"]
[EventCountry "USA"]
[SourceTitle "EXT 2024"]
[Source "ChessBase"]
[SourceDate "2023.10.10"]
[SourceVersion "1"]
[SourceVersionDate "2023.10.10"]
[SourceQuality "1"]

1. d4 d5 2. Bf4 Bf5 3. e3 e6 4. c4 Bxb1 5. Rxb1 Bb4+ 6. Ke2 dxc4 7. f3 Nf6 8. Kf2 0-0 9. Bxc4 Bd6 10. Bg3 Nbd7 11. b4 Nb6 12. Bd3 Nbd5 13. Qd2 a5 14. b5 c5 15. Ne2 Nb4 16. a3 Nxd3+ 17. Qxd3 Rc8 18. Rhd1 c4 19. Qc3 Nd5 20. Qa1 Bxg3+ 21. hxg3 Qg5 22. f4 Qg4 23. Nc3 Rfe8 24. e4 Nf6 25. Rh1 Qg6 26. Rbe1 Red8 27. Qd1 Ng4+ 28. Kg1 h5 29. Qd2 Qf6 30. Rd1 g6 31. e5 Qf5 32. Qe2 Rd7 33. Rh4 Rcd8 34. Rxg4 Qxg4 35. Qxg4 hxg4 36. Ne2 c3 37. Kf2 c2 38. Rc1 Rc8 39. Ke3 Rc4 40. Kd3 Rdc7 41. Kd2 b6 42. Kd3 Ra4 43. Rxc2 Rxc2 44. Kxc2 Rxa3 45. Nc3 Ra1 46. d5 exd5 47. Nxd5 Rg1 48. Nxb6 Rxg2+ 49. Kc3 Rxg3+ 50. Kc4 Rf3 51. Nd5 g3 52. b6 g2 53. b7 g1Q 54. b8Q+ Kg7 55. Ne7 Qc1+ 56. Kd5 Rd3+ 57. Ke4 Qe3# 0-1

[Event "EU-ch Rapid"]
[Site "Katowice"]
[Date "2022.12.18"]
[Round "10"]
[White "Kukula, Pawel"]
[Black "Dragicevic, Drazen"]
[Result "1/2-1/2"]
[WhiteElo "2135"]
[BlackElo "2345"]
[PlyCount "217"]
[EventDate "2022.12.17"]
[EventType "swiss (rapid)"]
[EventRounds "11"]
[EventCountry "POL"]
[SourceTitle "CBM 211 Extra"]
[Source "ChessBase"]
[SourceDate "2023.01.31"]
[SourceVersion "1"]
[SourceVersionDate "2023.01.31"]
[SourceQuality "1"]

1. d4 Nf6 2. c4 g6 3. Nc3 d5 4. cxd5 Nxd5 5. Bd2 Bg7 6. e4 Nb6 7. Be3 0-0 8. Qd2 Nc6 9. 0-0-0 e5 10. d5 Nd4 11. f3 c6 12. dxc6 bxc6 13. h4 Be6 14. Kb1 Qe7 15. h5 Rfd8 16. Qc1 Qb4 17. hxg6 hxg6 18. Bh6 Bh8 19. Bd2 Na4 20. Nge2 Rab8 21. Nxa4 Bxa2+ 22. Kxa2 Qxa4+ 23. Kb1 Nb3 24. Qc3 Nd4 25. Rc1 Rb3 26. Nxd4 Rxc3 27. Bxc3 exd4 28. Bd2 Rb8 29. Bc4 d3 30. Rxh8+ Kxh8 31. Bc3+ Kg8 32. Rh1 Qc2+ 33. Ka1 Qa4+ 34. Kb1 Qc2+ 35. Ka1 Kf8 36. Rh8+ Ke7 37. Rxb8 Qd1+ 38. Ka2 Qa4+ 39. Kb1 Qxc4 40. Rb7+ Ke6 41. Rxa7 d2 42. Kc2 d1Q+ 43. Kxd1 Qd3+ 44. Bd2 Qf1+ 45. Kc2 Qxg2 46. Ra3 Qe2 47. Rc3 Qb5 48. Bc1 Qa4+ 49. Kb1 Qb5 50. Kc2 Kf6 51. Bd2 g5 52. b4 Ke6 53. Rc5 Qa4+ 54. Kd3 f6 55. Ke2 Qa6+ 56. Ke3 Qa4 57. Ke2 Kd7 58. Rf5 Qa1 59. Rc5 Qb1 60. Ke3 Qg1+ 61. Ke2 Qg2+ 62. Ke3 Qg3 63. Ke2 Qh2+ 64. Ke3 Qh1 65. Rf5 Qg1+ 66. Kd3 Qf1+ 67. Ke3 Qa1 68. Kd3 Qb1+ 69. Ke3 Qb3+ 70. Ke2 Ke6 71. Rc5 Qa4 72. Ra5 Qb3 73. Rc5 Kd7 74. Rf5 Qb2 75. Kd3 Qb1+ 76. Ke2 g4 77. fxg4 Qxe4+ 78. Kf1 Qc4+ 79. Ke1 Qe4+ 80. Kf1 Qd3+ 81. Ke1 Qg3+ 82. Kf1 Qh3+ 83. Ke1 Qh4+ 84. Kf1 Qxg4 85. Rxf6 Qd1+ 86. Be1 Qd3+ 87. Kg1 Qe3+ 88. Kf1 Qh3+ 89. Ke2 Qh5+ 90. Rf3 Ke6 91. Bd2 Kd5 92. Ke3 Qe5+ 93. Kf2 Qd4+ 94. Ke2 Qc4+ 95. Kf2 Qc2 96. Ke2 Qe4+ 97. Re3 Qg2+ 98. Kd3 Qf1+ 99. Kc2 Qf5+ 100. Kc3 Qf6+ 101. Kd3 Qh4 102. Kc2 Qc4+ 103. Kd1 Qa2 104. Ke2 Qb1 105. Rd3+ Kc4 106. Rc3+ Kb5 107. Rc5+ Kb6 108. Ra5 Kc7 109. Rc5 1/2-1/2

[Event "Titled Tuesday intern op 29th Nov Early"]
[Site "Chess.com INT"]
[Date "2022.11.29"]
[Round "7"]
[White "Yano, William Jorge Froes"]
[Black "Kukula, Pawel"]
[Result "0-1"]
[WhiteElo "2045"]
[BlackElo "2135"]
[PlyCount "68"]
[EventDate "2022.11.29"]
[EventType "swiss (blitz)"]
[EventRounds "11"]
[EventCountry "USA"]
[SourceTitle "EXT 2024"]
[Source "ChessBase"]
[SourceDate "2023.10.10"]
[SourceVersion "1"]
[SourceVersionDate "2023.10.10"]
[SourceQuality "1"]

1. e4 c5 2. Nf3 d6 3. Bb5+ Bd7 4. Bxd7+ Qxd7 5. 0-0 Nf6 6. Qe2 Nc6 7. Rd1 e6 8. c3 Be7 9. d4 cxd4 10. cxd4 d5 11. e5 Ne4 12. Nbd2 Nxd2 13. Bxd2 0-0 14. h4 Rfc8 15. h5 h6 16. Rac1 Bf8 17. g4 Ne7 18. Qd3 a6 19. Kg2 Qb5 20. Qb1 Rxc1 21. Rxc1 Rc8 22. Rxc8 Nxc8 23. g5 Ne7 24. g6 fxg6 25. hxg6 Nf5 26. b3 Qe8 27. Qc2 Qxg6+ 28. Kh1 Qh5+ 29. Nh2 Nxd4 30. Qc8 Qd1+ 31. Kg2 Qxd2 32. Qe8 Qg5+ 33. Kf1 Qxe5 34. Qg6 Qxh2 0-1